[Event "C.to Provinciale CO"]
[Site "Como ITA"]
[Date "1998.??.??"]
[Round "3"]
[White "Bellotto, Stefano"]
[Black "Bevilacqua, Roberto"]
[Result "0-1"]
[WhiteElo "1725"]
[BlackElo "2018"]
[PlyCount "86"]
[EventDate "1998.??.??"]

1. d4 f5 2. c4 Nf6 3. g3 e6 4. Bg2 d5 5. Nf3 c6 6. b3 Bd6 7. O-O Qe7 8. Bb2 O-O
9. Nc3 Nbd7 10. Qc2 Ne4 11. e3 g5 12. Ne2 Qg7 13. Ne1 Be7 14. f3 Nd6 15. Nd3
Rd8 16. Rae1 Nf8 17. Ne5 Ng6 18. cxd5 exd5 19. e4 Be6 20. Nc1 fxe4 21. fxe4
Nxe5 22. dxe5 Nxe4 23. Bxe4 dxe4 24. Rxe4 Rd5 25. Ne2 Qg6 26. Rc4 Qxc2 27. Rxc2
Rad8 28. Bc3 Bh3 29. Re1 Bc5+ 30. Kh1 Bf2 31. Nf4 Bxe1 32. Nxd5 Rxd5 33. Bxe1
Rxe5 34. Bf2 Rd5 35. Bxa7 Rd1+ 36. Bg1 Kf7 37. a4 Ke6 38. Rc5 h6 39. b4 Rb1 40.
Rc4 Kd5 41. Rd4+ Ke5 42. Rc4 Be6 43. Rd4 Bd5+ 0-1

[Event "C.to Provinciale CO"]
[Site "Como ITA"]
[Date "1998.??.??"]
[Round "3"]
[White "Coppola, Guido"]
[Black "Buonocore, Elio"]
[Result "0-1"]
[WhiteElo "1752"]
[BlackElo "2121"]
[PlyCount "52"]
[EventDate "1998.??.??"]

1. e4 e5 2. Nf3 Nc6 3. d4 exd4 4. Bc4 Nf6 5. O-O Nxe4 6. Re1 d5 7. Bxd5 Qxd5 8.
Nc3 Qh5 9. Nxe4 Be6 10. Neg5 O-O-O 11. Nxe6 fxe6 12. Rxe6 Bd6 13. Bg5 Bxh2+ 14.
Nxh2 Qxg5 15. Qe2 d3 16. Qe4 dxc2 17. Qc4 Rd1+ 18. Re1 Rxa1 19. Rxa1 Nd4 20.
Kf1 Re8 21. f4 Qxf4+ 22. Nf3 Rf8 23. Re1 b5 24. Qd5 c1=Q 25. Qa8+ Kd7 26. Qd5+
Qd6 0-1

[Event "C.to Provinciale CO"]
[Site "Como ITA"]
[Date "1998.??.??"]
[Round "3"]
[White "Gagliardi, Christian"]
[Black "Revinelli, Sergio"]
[Result "1-0"]
[WhiteElo "1747"]
[BlackElo "1687"]
[PlyCount "59"]
[EventDate "1998.??.??"]

1. e4 e5 2. f4 exf4 3. Nf3 Be7 4. Bc4 Nf6 5. Qe2 O-O 6. Nc3 c6 7. d4 d5 8. Bd3
dxe4 9. Nxe4 Bg4 10. Bxf4 Nd5 11. Bd2 Nd7 12. O-O N7f6 13. c4 Nb4 14. Nxf6+
gxf6 15. Bb1 Bh5 16. Bc3 Na6 17. Qe3 Bg6 18. Nh4 Re8 19. Qf2 Nc7 20. Nf5 Bf8
21. Qh4 Bg7 22. Nxg7 Kxg7 23. d5 Re5 24. Bxe5 fxe5 25. Qxd8 Rxd8 26. Bxg6 hxg6
27. dxc6 bxc6 28. Rfd1 Rc8 29. Rd7 Kf6 30. Rf1+ 1-0

[Event "C.to Provinciale CO"]
[Site "Como ITA"]
[Date "1998.??.??"]
[Round "3"]
[White "Perissinotto, Claudio"]
[Black "Grassetto, Gilberto"]
[Result "1-0"]
[WhiteElo "2020"]
[BlackElo "1591"]
[PlyCount "65"]
[EventDate "1998.??.??"]

1. e4 b6 2. d4 Bb7 3. Bd3 e6 4. Nf3 Nf6 5. Qe2 d5 6. e5 Nfd7 7. O-O c5 8. c3 c4
9. Bc2 Nc6 10. Ng5 g6 11. Qg4 h5 12. Qg3 Qe7 13. Nxf7 h4 14. Qg4 Rg8 15. Nd6+
Qxd6 16. exd6 O-O-O 17. Qxe6 Bg7 18. Bxg6 Kb8 19. Bg5 Bc8 20. Bxd8 Rxd8 21. Qe2
Nf6 22. Nd2 Rxd6 23. Rae1 h3 24. g3 Bg4 25. f3 Bd7 26. b3 b5 27. bxc4 bxc4 28.
Rb1+ Kc7 29. Rfe1 Ng8 30. Be8 Bf5 31. Nxc4 Bxd4+ 32. cxd4 Nxd4 33. Rb7+ 1-0

[Event "C.to Provinciale CO"]
[Site "Como ITA"]
[Date "1998.??.??"]
[Round "4"]
[White "Bevilacqua, Roberto"]
[Black "Gagliardi, Christian"]
[Result "1-0"]
[WhiteElo "2018"]
[BlackElo "1747"]
[PlyCount "97"]
[EventDate "1998.??.??"]

1. e4 g5 2. d4 h6 3. f4 d6 4. fxg5 hxg5 5. Bxg5 Bg7 6. c3 Nf6 7. Nd2 Bg4 8. Be2
Bxe2 9. Qxe2 Qd7 10. O-O-O Nc6 11. Ngf3 Ng4 12. h3 Nh6 13. Rhe1 O-O-O 14. g4
Ng8 15. Rh1 Nf6 16. Rdf1 Rdf8 17. Nh4 Bh6 18. Bxh6 Rxh6 19. Nf5 Rg6 20. Rf3 Nh7
21. Rff1 e6 22. Ne3 Ne7 23. Qd3 a6 24. Rf2 Rg7 25. Ndf1 Ng6 26. Ng3 Nh4 27. Nh5
Rg6 28. Nf4 Rg7 29. Nfg2 Qe7 30. Rhf1 Qg5 31. Kb1 Nxg2 32. Nxg2 Qe7 33. Nf4 c6
34. Nh5 Rg6 35. c4 d5 36. cxd5 cxd5 37. Rc2+ Kb8 38. Rfc1 Qd6 39. e5 Qd7 40.
Rc7 Qxc7 41. Rxc7 Kxc7 42. Qa3 Rgg8 43. Qe7+ Kc8 44. Nf6 Nxf6 45. exf6 Kb8 46.
a3 Ka8 47. h4 Re8 48. Qxf7 Rgf8 49. Qg7 1-0

[Event "C.to Provinciale CO"]
[Site "Como ITA"]
[Date "1998.??.??"]
[Round "4"]
[White "Bonetti, Marco"]
[Black "Giaracuni, Claudio"]
[Result "1-0"]
[WhiteElo "1881"]
[BlackElo "1591"]
[PlyCount "49"]
[EventDate "1998.??.??"]

1. e4 e6 2. d4 d5 3. Nd2 Nf6 4. e5 Nfd7 5. Ngf3 c5 6. c3 Nc6 7. Bb5 Qb6 8. Bxc6
Qxc6 9. O-O Be7 10. Re1 b6 11. Nf1 Bb7 12. Ng3 O-O-O 13. Bg5 f6 14. exf6 gxf6
15. Bh6 Bf8 16. Bf4 Re8 17. b4 c4 18. a4 Bd6 19. Bh6 Bf8 20. b5 Qc7 21. Nf5
Bxh6 22. Nxh6 Qf4 23. Qd2 Qxd2 24. Nxd2 Re7 25. Nf5 1-0

[Event "C.to Provinciale CO"]
[Site "Como ITA"]
[Date "1998.??.??"]
[Round "4"]
[White "Buonocore, Elio"]
[Black "Perissinotto, Claudio"]
[Result "0-1"]
[WhiteElo "2121"]
[BlackElo "2020"]
[PlyCount "33"]
[EventDate "1998.??.??"]

1. e4 d6 2. d4 Nf6 3. Nc3 g6 4. Bg5 Nbd7 5. f4 h6 6. Bh4 Bg7 7. Bd3 Nh5 8. Nge2
c5 9. Nd5 Nhf6 10. Nxf6+ Nxf6 11. c3 cxd4 12. cxd4 Qb6 13. Qd2 Bd7 14. O-O Bc6
15. Bxf6 Bxf6 16. Bb1 Bb5 17. Rd1 0-1

[Event "C.to Provinciale CO"]
[Site "Como ITA"]
[Date "1998.??.??"]
[Round "4"]
[White "Pede, Lucio"]
[Black "Coppola, Guido"]
[Result "0-1"]
[WhiteElo "1609"]
[BlackElo "1752"]
[PlyCount "70"]
[EventDate "1998.??.??"]

1. e4 c5 2. Nf3 d6 3. d4 cxd4 4. Nxd4 Nf6 5. Nc3 a6 6. Bg5 e6 7. f4 Be7 8. Qf3
Qc7 9. g4 Nbd7 10. O-O-O h6 11. Bxf6 Nxf6 12. g5 hxg5 13. fxg5 Nd7 14. g6 Bg5+
15. Kb1 Ne5 16. gxf7+ Qxf7 17. Qxf7+ Kxf7 18. Be2 Ke7 19. Na4 Nd7 20. Nf3 Bf6
21. c4 b5 22. cxb5 axb5 23. Bxb5 Ra5 24. Bxd7 Bxd7 25. Nc3 Bc6 26. Nd2 Rh3 27.
Nc4 Bxc3 28. bxc3 Bxe4+ 29. Ka1 Rc5 30. Rhg1 Rxc4 31. Rxg7+ Kf6 32. Rdg1 Rxh2
33. R7g4 d5 34. Rf4+ Ke5 35. Rgf1 Ra4 0-1

[Event "C.to Provinciale CO"]
[Site "Como ITA"]
[Date "1998.??.??"]
[Round "4"]
[White "Revinelli, Sergio"]
[Black "Laricini, Alberto"]
[Result "0-1"]
[WhiteElo "1687"]
[BlackElo "1627"]
[PlyCount "78"]
[EventDate "1998.??.??"]

1. e4 Nf6 2. e5 Nd5 3. c4 Nb6 4. c5 Nd5 5. Bc4 e6 6. Nc3 c6 7. Ne4 Qa5 8. Nd6+
Bxd6 9. cxd6 Nb6 10. f4 Nxc4 11. Nf3 Ne3 12. Qe2 Nc2+ 13. Kf2 Nxa1 14. d3 Qxa2
15. g4 Qd5 16. h4 Nb3 17. Be3 b6 18. f5 Ba6 19. Rd1 Nc5 20. Bxc5 Qxc5+ 21. Kg3
exf5 22. gxf5 Qd5 23. Qd2 h6 24. Qf4 Qb3 25. Re1 O-O 26. f6 Qxd3 27. fxg7 Qg6+
28. Kh2 Re8 29. Rg1 Qh5 30. Re1 c5 31. Rg1 Bb7 32. Ng5 hxg5 33. Rxg5 Qe2+ 34.
Kg3 Qd3+ 35. Kf2 Qd4+ 36. Kg3 Qxf4+ 37. Kxf4 Re6 38. Kf5 Nc6 39. Kf4 Rae8 0-1

[Event "C.to Provinciale CO"]
[Site "Como ITA"]
[Date "1998.??.??"]
[Round "5"]
[White "Boncinelli, Lodovico"]
[Black "Canali, Marco"]
[Result "1-0"]
[WhiteElo "1561"]
[BlackElo "1741"]
[PlyCount "73"]
[EventDate "1998.??.??"]

1. d4 e6 2. Nf3 c5 3. c3 d5 4. Bf4 Nc6 5. e3 Qb6 6. Qc1 Bd7 7. Nbd2 Nf6 8. Bd3
Rc8 9. Qb1 Be7 10. O-O cxd4 11. exd4 Na5 12. Re1 Bb5 13. Bxb5+ Qxb5 14. Bg5 Ne4
15. Bxe7 Nxd2 16. Nxd2 Kxe7 17. Qc2 Nc6 18. Nb3 a5 19. Qd2 a4 20. Nc5 Na5 21.
Qg5+ Kf8 22. Qf4 Kg8 23. Qf3 b6 24. Nd3 Nc4 25. b3 Nd6 26. Ne5 a3 27. h4 f6 28.
Ng4 Kf7 29. Ne5+ Ke7 30. Ng4 Kf7 31. Rac1 Qa6 32. Re3 Nf5 33. Ree1 Nxh4 34.
Ne5+ Ke7 35. Qh3 Nf5 36. Nd3 g5 37. Qxf5 1-0

[Event "C.to Provinciale CO"]
[Site "Como ITA"]
[Date "1998.??.??"]
[Round "5"]
[White "Coppola, Guido"]
[Black "Bellotto, Stefano"]
[Result "1-0"]
[WhiteElo "1752"]
[BlackElo "1725"]
[PlyCount "75"]
[EventDate "1998.??.??"]

1. e4 c6 2. d4 d5 3. exd5 cxd5 4. Nf3 Nc6 5. Be2 g6 6. O-O Bg7 7. c3 Nh6 8. Bf4
O-O 9. Re1 Kh8 10. Nbd2 f6 11. h4 Ng4 12. Bg3 Bh6 13. Nf1 e5 14. N3d2 Bxd2 15.
Qxd2 Kg7 16. Bxg4 Bxg4 17. dxe5 fxe5 18. Bxe5+ Nxe5 19. Rxe5 Qxh4 20. Rxd5 Qf6
21. Ne3 Be6 22. Rd4 Rad8 23. Rd1 Rde8 24. Nd5 Bxd5 25. Rxd5 Re7 26. Qd4 Rfe8
27. Rd7 Rxd7 28. Qxf6+ Kxf6 29. Rxd7 Re7 30. Rxe7 Kxe7 31. f3 Ke6 32. Kf2 a5
33. c4 Ke5 34. Ke3 g5 35. g4 a4 36. b3 a3 37. b4 b6 38. Kd3 1-0

[Event "C.to Provinciale CO"]
[Site "Como ITA"]
[Date "1998.??.??"]
[Round "5"]
[White "Curioni, Franco"]
[Black "Pede, Lucio"]
[Result "1-0"]
[WhiteElo "1504"]
[BlackElo "1609"]
[PlyCount "37"]
[EventDate "1998.??.??"]

1. e4 e5 2. Nc3 Nf6 3. f4 exf4 4. e5 Qe7 5. Qe2 Ng8 6. Nf3 c6 7. d4 g5 8. Ne4
g4 9. Nfg5 Kd8 10. Nd6 Nh6 11. Bxf4 f6 12. exf6 Qxe2+ 13. Bxe2 Bxd6 14. Bxd6
Nf5 15. Bxb8 Rxb8 16. Nf7+ Ke8 17. Nxh8 h5 18. Rf1 d5 19. Bd3 1-0

[Event "C.to Provinciale CO"]
[Site "Como ITA"]
[Date "1998.??.??"]
[Round "5"]
[White "Giaracuni, Claudio"]
[Black "Corti, Corrado"]
[Result "0-1"]
[WhiteElo "1591"]
[BlackElo "1660"]
[PlyCount "38"]
[EventDate "1998.??.??"]

1. e4 e5 2. Nf3 Nc6 3. Bc4 Bc5 4. c3 Nf6 5. d4 exd4 6. cxd4 Bb4+ 7. Nc3 Nxe4 8.
O-O Bxc3 9. d5 Ne5 10. Qe2 O-O 11. bxc3 Nxf3+ 12. Qxf3 Nd6 13. Bd3 f5 14. Ba3
Qf6 15. c4 b6 16. Rfe1 Bb7 17. c5 bxc5 18. Bxc5 Rae8 19. Rxe8 Qxa1+ 0-1

[Event "C.to Provinciale CO"]
[Site "Como ITA"]
[Date "1998.??.??"]
[Round "5"]
[White "Perissinotto, Claudio"]
[Black "Bevilacqua, Roberto"]
[Result "1-0"]
[WhiteElo "2020"]
[BlackElo "2018"]
[PlyCount "77"]
[EventDate "1998.??.??"]

1. e4 e5 2. Nf3 Nf6 3. Nxe5 d6 4. Nf3 Nxe4 5. Qe2 Qe7 6. d3 Nf6 7. Bg5 Qxe2+ 8.
Bxe2 Nd5 9. c4 Nb4 10. Kd2 f6 11. Be3 c5 12. Nc3 Be6 13. a3 N4c6 14. Nb5 Na6
15. d4 Bf7 16. dxc5 dxc5 17. Rad1 Be7 18. Kc3 Be6 19. Nd6+ Bxd6 20. Rxd6 Ke7
21. Rd2 Rad8 22. b4 cxb4+ 23. axb4 Rxd2 24. Nxd2 Ncxb4 25. Bxa7 Nc6 26. Rb1 Bc8
27. Bb6 f5 28. Nf3 Nab8 29. Nd4 Nxd4 30. Bxd4 Nc6 31. Be3 h6 32. Bf3 Rd8 33.
Bd5 Re8 34. Re1 Kd7 35. Bf7 Re7 36. Rd1+ Kc7 37. Bf4+ Kb6 38. c5+ Ka5 39. Bc4
1-0

[Event "C.to Provinciale CO"]
[Site "Como ITA"]
[Date "1998.??.??"]
[Round "6"]
[White "Bevilacqua, Roberto"]
[Black "Coppola, Guido"]
[Result "1-0"]
[WhiteElo "2018"]
[BlackElo "1752"]
[PlyCount "53"]
[EventDate "1998.??.??"]

1. e4 c5 2. Nc3 d6 3. f4 Nc6 4. g3 Nf6 5. h3 g6 6. Nf3 Bg7 7. Bg2 Bd7 8. O-O
Qc8 9. g4 h5 10. g5 Ng4 11. Ne2 e5 12. f5 gxf5 13. exf5 Bxf5 14. Nh4 Be6 15.
Ng3 Ne7 16. Ne4 Qd7 17. Qe1 Nd5 18. hxg4 Nf4 19. d3 Nxg2 20. Kxg2 Bd5 21. Nf5
Kf8 22. c4 Bc6 23. Qf2 Kg8 24. Rh1 hxg4 25. Bd2 Rf8 26. Nxg7 Rh3 27. Nh5 1-0

[Event "C.to Provinciale CO"]
[Site "Como ITA"]
[Date "1998.??.??"]
[Round "6"]
[White "Bonetti, Marco"]
[Black "Perissinotto, Claudio"]
[Result "1-0"]
[WhiteElo "1881"]
[BlackElo "2020"]
[PlyCount "49"]
[EventDate "1998.??.??"]

1. e4 d6 2. d4 Nf6 3. Nc3 g6 4. f4 Bg7 5. Nf3 c5 6. Bb5+ Bd7 7. e5 Ng4 8. e6
fxe6 9. Ng5 Bxb5 10. Qxg4 Bd7 11. Nxh7 Kf7 12. Ng5+ Kg8 13. Nxe6 cxd4 14. Qxg6
Bxe6 15. Qxe6+ Kf8 16. Ne4 Rh6 17. Ng5 Qe8 18. Qg4 e6 19. O-O Ke7 20. Nxe6 Rxe6
21. Qxg7+ Qf7 22. Qg5+ Kd7 23. f5 Re2 24. f6 Nc6 25. Qb5 1-0

[Event "C.to Provinciale CO"]
[Site "Como ITA"]
[Date "1998.??.??"]
[Round "6"]
[White "Buonocore, Elio"]
[Black "Gagliardi, Christian"]
[Result "1-0"]
[WhiteElo "2121"]
[BlackElo "1747"]
[PlyCount "85"]
[EventDate "1998.??.??"]

1. e4 c5 2. c3 d6 3. d4 Nf6 4. f3 cxd4 5. cxd4 g6 6. Be3 Bg7 7. Nc3 O-O 8. Nge2
Nc6 9. Qd2 e5 10. d5 Ne7 11. g4 Ne8 12. Ng3 f5 13. gxf5 gxf5 14. Nh5 f4 15. Bf2
Ng6 16. Nxg7 Nxg7 17. O-O-O Qa5 18. Kb1 a6 19. h4 Nh5 20. Rg1 b5 21. Rg5 Ng7
22. h5 Qd8 23. Rg1 Nxh5 24. Be2 Kf7 25. Rh1 Nf6 26. Rh6 Bd7 27. Rdh1 Rh8 28.
Bd3 b4 29. Ne2 a5 30. Ng1 Kg7 31. Ne2 Be8 32. Qe1 Ng8 33. R6h2 Rb8 34. Qg1 Bb5
35. Bxb5 Rxb5 36. Rh5 Qd7 37. Rf5 Rxd5 38. Nxf4 Rd1+ 39. Qxd1 Nxf4 40. Rxf4
exf4 41. Bd4+ Nf6 42. Bxf6+ Kxf6 43. Qd4+ 1-0

[Event "C.to Provinciale CO"]
[Site "Como ITA"]
[Date "1998.??.??"]
[Round "6"]
[White "Canali, Marco"]
[Black "Gisolini, Michele"]
[Result "1-0"]
[WhiteElo "1741"]
[BlackElo "1600"]
[PlyCount "27"]
[EventDate "1998.??.??"]

1. e4 e5 2. f4 exf4 3. Nf3 g5 4. h4 g4 5. Ne5 h5 6. Bc4 Rh7 7. d4 d6 8. Nd3 Nc6
9. Nxf4 Qe7 10. Nc3 Bf5 11. Nfd5 Qd7 12. exf5 O-O-O 13. O-O f6 14. Nb6+ 1-0

[Event "C.to Provinciale CO"]
[Site "Como ITA"]
[Date "1998.??.??"]
[Round "6"]
[White "Laricini, Alberto"]
[Black "Boncinelli, Lodovico"]
[Result "1/2-1/2"]
[WhiteElo "1627"]
[BlackElo "1561"]
[PlyCount "75"]
[EventDate "1998.??.??"]

1. d4 d5 2. Nf3 Nf6 3. c4 c6 4. Nc3 Bg4 5. e3 e6 6. Be2 Be7 7. cxd5 cxd5 8. O-O
O-O 9. Bd2 Nbd7 10. h3 Bh5 11. Rc1 Rc8 12. a3 a6 13. Ne1 Bg6 14. Bd3 Bxd3 15.
Nxd3 Bd6 16. Qf3 Nb6 17. e4 Bb8 18. e5 Nfd7 19. Qg4 Qe7 20. Rfe1 Rfe8 21. Bg5
Qf8 22. Nf4 Nc4 23. Nh5 g6 24. Bf6 Qh6 25. Ng7 Rf8 26. Qe2 Nxf6 27. exf6 Rc6
28. Qg4 Nd2 29. Rcd1 Nc4 30. Rd3 Nxb2 31. Rf3 Rfc8 32. Nxd5 exd5 33. Rfe3 Rf8
34. Nf5 Qf4 35. Qxf4 Bxf4 36. Ne7+ Kh8 37. R3e2 Rxf6 38. Nxd5 1/2-1/2

[Event "C.to Provinciale CO"]
[Site "Como ITA"]
[Date "1998.??.??"]
[Round "7"]
[White "Boncinelli, Lodovico"]
[Black "Corti, Corrado"]
[Result "0-1"]
[WhiteElo "1561"]
[BlackElo "1660"]
[PlyCount "132"]
[EventDate "1998.??.??"]

1. d4 d5 2. Nf3 Nf6 3. Bf4 e6 4. Nbd2 c6 5. e3 Nbd7 6. Bd3 Be7 7. O-O Nh5 8.
Bg3 Nxg3 9. hxg3 O-O 10. Re1 c5 11. c3 b6 12. a4 Bb7 13. Bb1 Rc8 14. Qc2 g6 15.
Nf1 Qc7 16. N1h2 Bf6 17. Qe2 Bg7 18. Bd3 Rcd8 19. Nd2 e5 20. dxe5 Nxe5 21. Bb5
c4 22. a5 bxa5 23. Ndf3 Nd3 24. Reb1 Rd6 25. Ba4 Rb6 26. Nd4 Nc5 27. Bc2 Bxd4
28. exd4 Nb3 29. Bxb3 Rxb3 30. Ng4 Bc8 31. Nf6+ Kg7 32. Nxd5 Qb7 33. Ne3 Re8
34. Rxa5 Qb6 35. Rc5 Bd7 36. Re5 Rxe5 37. dxe5 Qa6 38. Rd1 Qe6 39. Qd2 Bc6 40.
f4 Be4 41. Qd4 Bd3 42. Rd2 Qb6 43. e6+ Qxd4 44. cxd4 fxe6 45. Kf2 h5 46. Kf3 a5
47. g4 hxg4+ 48. Nxg4 a4 49. Ne5 Bc2+ 50. Ke2 Rxb2 51. Nxc4 Ra2 52. Ne3 Bb3 53.
Rxa2 Bxa2 54. Kd2 Bd5 55. Nxd5 exd5 56. Kc3 Kf6 57. Kb4 Kf5 58. g3 Ke4 59. Kxa4
Kxd4 60. g4 Ke4 61. f5 gxf5 62. gxf5 Kxf5 63. Kb3 Ke4 64. Kc2 Ke3 65. Kd1 Kd3
66. Ke1 Kc2 0-1

[Event "C.to Provinciale CO"]
[Site "Como ITA"]
[Date "1998.??.??"]
[Round "7"]
[White "Curioni, Franco"]
[Black "Bonetti, Marco"]
[Result "1/2-1/2"]
[WhiteElo "1504"]
[BlackElo "1881"]
[PlyCount "67"]
[EventDate "1998.??.??"]

1. Nf3 Nf6 2. d4 e6 3. e3 c5 4. c3 Nc6 5. Bd3 d6 6. O-O Be7 7. Re1 O-O 8. Nbd2
e5 9. dxe5 dxe5 10. Qc2 g6 11. Nc4 Qc7 12. e4 b5 13. Ne3 c4 14. Be2 Rd8 15. Nf1
Bb7 16. Ng3 Rd7 17. h3 Nd8 18. Bh6 Ne6 19. Rad1 Rad8 20. Rxd7 Rxd7 21. Rd1
Rxd1+ 22. Bxd1 Nc5 23. Nd2 Qc6 24. Bf3 Nfd7 25. Be2 f5 26. Nxc4 Nxe4 27. Na5
Qb6 28. Qb3+ Kh8 29. Nxe4 Bxe4 30. Qf7 Qf6 31. Qe8+ Nf8 32. Bxb5 g5 33. Bxf8
Bxf8 34. Nc4 1/2-1/2

[Event "C.to Provinciale CO"]
[Site "Como ITA"]
[Date "1998.??.??"]
[Round "7"]
[White "Gagliardi, Christian"]
[Black "Laricini, Alberto"]
[Result "1-0"]
[WhiteElo "1747"]
[BlackElo "1627"]
[PlyCount "111"]
[EventDate "1998.??.??"]

1. Nc3 Nf6 2. Nf3 Nc6 3. e4 e5 4. Bc4 Nxe4 5. Nxe4 d5 6. Bb5 dxe4 7. Nxe5 Qf6
8. Nxc6 bxc6 9. Bc4 Bc5 10. O-O O-O 11. d3 Be6 12. Bb3 exd3 13. Qxd3 Rad8 14.
Qg3 Bd6 15. Qg5 Qe5 16. Qxe5 Bxe5 17. Bxe6 fxe6 18. c3 Bf4 19. Bxf4 Rxf4 20.
Rad1 Rd6 21. f3 Rc4 22. Kf2 Rc5 23. Rfe1 Kf7 24. Rd4 Rxd4 25. cxd4 Rc2+ 26. Re2
Rc4 27. Ke3 Kf6 28. Kd3 Rb4 29. b3 Rb5 30. Rc2 Rb6 31. Rc5 h6 32. Kc4 Ke7 33.
a4 Kd7 34. Ra5 a6 35. h4 Kd6 36. f4 Ke7 37. Re5 Kd6 38. g4 Rb8 39. f5 exf5 40.
Rxf5 Ke7 41. Rc5 Kd6 42. g5 Rh8 43. g6 Rf8 44. h5 Rf4 45. Ra5 Rh4 46. Rf5 Ke6
47. Rf7 Rxh5 48. Rxg7 Kd6 49. Rg8 Rg5 50. g7 Kd7 51. Kb4 h5 52. Rh8 Rxg7 53.
Rxh5 Rg8 54. Ra5 Ra8 55. Kc5 Kc8 56. Kxc6 1-0

[Event "C.to Provinciale CO"]
[Site "Como ITA"]
[Date "1998.??.??"]
[Round "7"]
[White "Gisolini, Michele"]
[Black "Napoli, Ferdinando"]
[Result "1-0"]
[WhiteElo "1600"]
[BlackElo "1654"]
[PlyCount "39"]
[EventDate "1998.??.??"]

1. c4 g6 2. Nc3 Bg7 3. d4 Nf6 4. Nf3 d6 5. g3 O-O 6. Bg2 c6 7. O-O Nbd7 8. b4
Re8 9. Bb2 Nb6 10. Qb3 Be6 11. Nd2 Qc7 12. Rac1 Nxc4 13. Nxc4 b5 14. d5 bxc4
15. Qxc4 Nxd5 16. Nxd5 Bxd5 17. Bxd5 Bxb2 18. Bxf7+ Kf8 19. Bxe8 Bxc1 20. Qf7#
1-0

[Event "C.to Provinciale CO"]
[Site "Como ITA"]
[Date "1998.??.??"]
[Round "7"]
[White "Perissinotto, Claudio"]
[Black "Coppola, Guido"]
[Result "1-0"]
[WhiteElo "2020"]
[BlackElo "1752"]
[PlyCount "59"]
[EventDate "1998.??.??"]

1. e4 c5 2. Nf3 d6 3. d4 cxd4 4. Nxd4 Nf6 5. Nc3 a6 6. a4 e5 7. Nf3 Nbd7 8. Bc4
Be7 9. Bg5 h6 10. Bh4 O-O 11. a5 Nc5 12. Nd2 Be6 13. Qe2 Rc8 14. O-O Bxc4 15.
Nxc4 Nfxe4 16. Nxe4 Bxh4 17. Nexd6 Rc6 18. Rad1 Qc7 19. Qxe5 Bf6 20. Qg3 Ne6
21. b3 Nd4 22. Rd2 Rd8 23. Ne4 Qe7 24. Nxf6+ Rxf6 25. Kh1 Rg6 26. Qf4 Rf6 27.
Qg4 Rg6 28. Qd1 Qg5 29. f4 Qf6 30. Ne5 1-0

[Event "C.to Provinciale CO"]
[Site "Como ITA"]
[Date "1998.??.??"]
[Round "7"]
[White "Revinelli, Sergio"]
[Black "Giaracuni, Claudio"]
[Result "1-0"]
[WhiteElo "1687"]
[BlackElo "1591"]
[PlyCount "97"]
[EventDate "1998.??.??"]

1. e4 e5 2. Nf3 Nc6 3. Bc4 Bc5 4. c3 Nf6 5. d4 exd4 6. cxd4 Bb4+ 7. Bd2 Bxd2+
8. Nbxd2 d5 9. exd5 Nxd5 10. Qb3 Na5 11. Qa4+ Nc6 12. Ne5 Qd6 13. O-O O-O 14.
Nxc6 bxc6 15. Ne4 Qg6 16. Ng3 Nb6 17. Qb3 Nxc4 18. Qxc4 Bd7 19. Rfd1 Rab8 20.
Rd2 Rb6 21. d5 Rfb8 22. dxc6 Bxc6 23. b3 h6 24. Qd3 Qxd3 25. Rxd3 Re8 26. Rc3
g6 27. Rac1 Re6 28. f3 Kf8 29. Kf2 f5 30. Ne2 Rd6 31. Nf4 Ke8 32. Nd3 Bb5 33.
Ne5 Rd2+ 34. Kg3 Re6 35. f4 Rxa2 36. Rxc7 Kf8 37. Rf7+ Kg8 38. Rc8+ Re8 39.
Rcc7 Rxe5 40. fxe5 Ra3 41. e6 Rxb3+ 42. Kf2 Rb2+ 43. Kf3 Rb3+ 44. Kf4 Rb4+ 45.
Ke5 Re4+ 46. Kf6 Rc4 47. Rg7+ Kf8 48. Rcf7+ Ke8 49. Rg8# 1-0

[Event "C.to Provinciale CO"]
[Site "Como ITA"]
[Date "1998.??.??"]
[Round "8"]
[White "Bellotto, Stefano"]
[Black "Perissinotto, Claudio"]
[Result "1-0"]
[WhiteElo "1725"]
[BlackElo "2020"]
[PlyCount "90"]
[EventDate "1998.??.??"]

1. d4 g6 2. c4 Bg7 3. Nc3 d6 4. e4 Nc6 5. Be3 e5 6. d5 Nce7 7. Be2 f5 8. f3 Nf6
9. Nh3 O-O 10. Nf2 Nh5 11. g3 f4 12. gxf4 Nxf4 13. Bxf4 exf4 14. Qd2 a6 15. Nd3
g5 16. O-O-O Ng6 17. Rdg1 b5 18. Nb4 bxc4 19. Nc6 Qf6 20. Bxc4 Bh3 21. e5 Nxe5
22. Ne4 Nxc4 23. Nxf6+ Bxf6 24. Qe2 Nxb2 25. Rxg5+ Bxg5 26. Rg1 h6 27. Qxb2 Kh7
28. Qc3 Rae8 29. Nd4 Re7 30. Re1 Rfe8 31. Qd3+ Kg7 32. Rxe7+ Rxe7 33. Qxa6 Bf6
34. Qd3 Re5 35. Qc4 c5 36. Ne6+ Kf7 37. a4 Re3 38. Qxf4 Rc3+ 39. Kd2 Ra3 40.
Qxd6 Rxf3 41. Qxc5 Bf5 42. Ke2 Rb3 43. Qf8+ Kg6 44. Qg8+ Kh5 45. Qf7+ Bg6 1-0

[Event "C.to Provinciale CO"]
[Site "Como ITA"]
[Date "1998.??.??"]
[Round "8"]
[White "Bonetti, Marco"]
[Black "Bevilacqua, Roberto"]
[Result "1/2-1/2"]
[WhiteElo "1881"]
[BlackElo "2018"]
[PlyCount "87"]
[EventDate "1998.??.??"]

1. e4 e6 2. d3 d5 3. Nd2 Nf6 4. Ngf3 b6 5. g3 Na6 6. c3 Be7 7. exd5 exd5 8.
Qa4+ Qd7 9. Qxd7+ Nxd7 10. d4 O-O 11. Bb5 Nab8 12. O-O Ba6 13. a4 c6 14. Re1
Bf6 15. Bf1 c5 16. Ne5 Bxe5 17. dxe5 Bxf1 18. Kxf1 Re8 19. Nf3 Nc6 20. Bf4 h6
21. Rad1 d4 22. cxd4 cxd4 23. Nxd4 Ndxe5 24. Nb5 Nf3 25. Rxe8+ Rxe8 26. h3 Re4
27. Kg2 Ne1+ 28. Kf1 Nf3 29. Rd3 Nfe5 30. Rd5 Ng6 31. Rd6 Nxf4 32. Rxc6 Nxh3
33. Kg2 Ng5 34. b3 Re7 35. Rc8+ Kh7 36. Ra8 a5 37. Rb8 Re6 38. Nc7 Rc6 39. Nd5
Ne4 40. Nxb6 Nc5 41. Nc4 Nxb3 42. Ne5 Rc3 43. Nxf7 Nc5 44. Rb5 1/2-1/2

[Event "C.to Provinciale CO"]
[Site "Como ITA"]
[Date "1998.??.??"]
[Round "8"]
[White "Buonocore, Elio"]
[Black "Revinelli, Sergio"]
[Result "1-0"]
[WhiteElo "2121"]
[BlackElo "1687"]
[PlyCount "93"]
[EventDate "1998.??.??"]

1. e4 e5 2. Nf3 Nc6 3. d4 exd4 4. Nxd4 Bc5 5. Be3 Bxd4 6. Bxd4 Nf6 7. Nc3 O-O
8. Be2 Re8 9. f3 Nxd4 10. Qxd4 d6 11. O-O-O Bd7 12. g4 Kf8 13. h4 Bc6 14. h5
Nd7 15. h6 Qg5+ 16. Kb1 gxh6 17. Rh5 Qg7 18. Qd2 Re5 19. Rxh6 Qg5 20. Qxg5 Rxg5
21. Rxh7 Re8 22. b4 Nf6 23. Rh8+ Rg8 24. Rh6 Re6 25. Rdh1 Rg6 26. Rh8+ Rg8 27.
g5 Ne8 28. b5 Bd7 29. f4 Rxh8 30. Rxh8+ Kg7 31. Rh2 c6 32. bxc6 Bxc6 33. Bd3 a6
34. Re2 Nc7 35. Nd1 Bb5 36. Ne3 Kf8 37. Nf5 Rg6 38. Nd4 Bd7 39. e5 Nd5 40. Bxg6
Nc3+ 41. Kb2 Nxe2 42. Nxe2 fxg6 43. exd6 Kf7 44. Nd4 b5 45. Kc3 Be6 46. Nxe6
Kxe6 47. f5+ 1-0

[Event "C.to Provinciale CO"]
[Site "Como ITA"]
[Date "1998.??.??"]
[Round "8"]
[White "Corti, Corrado"]
[Black "Gagliardi, Christian"]
[Result "0-1"]
[WhiteElo "1660"]
[BlackElo "1747"]
[PlyCount "100"]
[EventDate "1998.??.??"]

1. d4 Nf6 2. c4 g6 3. Nc3 Bg7 4. Nf3 d6 5. e4 O-O 6. Be2 c6 7. O-O Nbd7 8. Qc2
e5 9. d5 c5 10. Bg5 h6 11. Bd2 Ne8 12. Ne1 f5 13. exf5 gxf5 14. g3 Ndf6 15. f4
e4 16. Be3 Qe7 17. Ng2 h5 18. Nh4 Qf7 19. Nd1 Ng4 20. Bxg4 hxg4 21. Bd2 Bf6 22.
Ng2 b5 23. cxb5 Qxd5 24. Bc3 Qc4 25. Nde3 Qxb5 26. Bxf6 Nxf6 27. Rad1 Qc6 28.
Qc4+ Kh7 29. Rf2 Rb8 30. Rfd2 Ne8 31. Nh4 Rb4 32. Qd5 Qxd5 33. Nxd5 Rb7 34. b3
Be6 35. Ng2 Rff7 36. Nge3 Rfd7 37. Nc4 Rb8 38. Kf2 Kg6 39. Nce3 Rbd8 40. Nc4
Kf7 41. Nce3 Nf6 42. Nxf6 Kxf6 43. Nd5+ Bxd5 44. Rxd5 Ke6 45. Ke3 Rh8 46. R1d2
a6 47. b4 cxb4 48. Ra5 Rc7 49. Rxa6 Rc3+ 50. Kd4 Rhc8 0-1